Interview s Erikom Troanom

Bibliographic Details
Main Authors: Troan, Erik (Author), Bednár, Juraj (Author)
Format: Article
Language:Slovak

MARC

LEADER 00000nab a2200000 a 4500
001 vtls010733555
003 SK-MaSNL
005 20260304193848.0
008 250709s1998 xo |||||||||||||||||slo|
035 |a (urnnbn)urn:nbn:sk:snk:ar-a05d7f 
035 |a (uuid)969c4b90-44bd-4ef2-aaa3-7c4307b7c3c7 
035 |a urn:nbn:sk:snk-ab3vm8 
040 |a SNKBUCL  |b slo  |c SNKBUCL  |e AACR2 
041 0 |a slo 
044 |a xo  |c SK 
100 1 |a Troan, Erik  |4 aut  |9 1528109 
245 1 0 |a Interview s Erikom Troanom  |c Erik Troan, Juraj Bednár 
700 1 |a Bednár, Juraj  |4 aut  |9 363466 
773 0 |t PC revue : sprievodca digitálnym svetom  |g Roč. 6, č. 8 (1998), s. 69 
850 |a Slovenská národná knižnica 
852 |a Slovenská národná knižnica 
954 |a odborná, vedecká literatúra pôvodná (slovenská)  |2 lita 
958 |a article1 
958 |a OND 
958 |a EUIPO 
999 |c 3069913  |d 3071843